| 000 | 00496nam a2200217Ia 4500 | ||
|---|---|---|---|
| 999 |
_c94862 _d94862 |
||
| 003 | 0100 | ||
| 005 | 20171017110848.0 | ||
| 008 | 130307s9999 xx 000 0 und d | ||
| 040 | _cARRUPELIB | ||
| 050 | _aB765.T54F3 | ||
| 100 |
_aFarrell, Walter _937148 |
||
| 245 | 2 | _aA companion to the Summa | |
| 260 | _aNew York | ||
| 260 | _bSheed & Ward | ||
| 260 | _c1945 | ||
| 300 | _a457p. | ||
| 300 | _b23cm. | ||
| 600 |
_aThomas Aquinas, Sty. Summa theologiae _937149 |
||
| 942 |
_2lcc _cMONOGRAPH |
||